00785 2200265 4500001002100000005001500021035002000036007000300056008004100059040002200100100002600122245006800148300003700216082001600253084001800269090002000287250001800307264003900325336002100364337003000385338002300415650004900438850001200487990002000499INLIS00000000085523420210830021441 a0010-0320000561ta200323s1948 jbi g ind d aYOPDYOGbinderda0 aAnwar Sanusiepenulis10aSedjarah umum untuk sekolah menengah I /cpenulis, Anwar Sanusi a80 halaman :bilustrasi ;c23 cm04223a959.807 a959.807 ANW s aL 959.807 ANW s aCetakan ke-1031aBandung :bPustaka Pakuan,c[1948] 2rdacontentateks 2rdamediaatanpa perantara 2rdacarrieravolume 4aSejarah--xStudi dan Pengajaran--zIndonesia aYOPDYOG a66395-PD/A.2020